[Event "Saint John op-2"]
[Site "Saint John CAN"]
[Date "1988.??.??"]
[Round "?"]
[White "Razuvaev, Yuri"]
[Black "Georgiev, Kiril"]
[Result "1/2-1/2"]
[WhiteElo "2525"]
[BlackElo "2595"]
[PlyCount "26"]
[GameId "2160767912586855"]
[EventDate "1988.02.08"]
[EventType "swiss"]
[EventRounds "9"]
[EventCountry "CAN"]
[SourceTitle "CBM 006"]
[Source "ChessBase"]
[SourceDate "2004.01.01"]
[SourceVersion "1"]
[SourceVersionDate "2004.01.01"]
[SourceQuality "1"]

1. d4 Nf6 2. c4 e6 3. Nf3 d5 4. g3 dxc4 5. Bg2 Bd7 6. Ne5 Bc6 7. Nxc6 Nxc6 8. O-O Qd7 9. Nc3 Nxd4 10. Bxb7 Rb8 11. Bg2 Be7 12. e3 Nb5 13. Qc2 O-O 1/2-1/2

[Event "Saint John op-2"]
[Site "Saint John CAN"]
[Date "1988.??.??"]
[Round "?"]
[White "Rodriguez, Daniel Mauricio"]
[Black "Ross, Dave"]
[Result "1-0"]
[WhiteElo "2465"]
[BlackElo "2325"]
[PlyCount "73"]
[GameId "2160767912586860"]
[EventDate "1988.02.08"]
[EventType "swiss"]
[EventRounds "9"]
[EventCountry "CAN"]
[SourceTitle "CBM 006"]
[Source "ChessBase"]
[SourceDate "2004.01.01"]
[SourceVersion "1"]
[SourceVersionDate "2004.01.01"]
[SourceQuality "1"]

1. d4 Nf6 2. e3 d6 3. Nf3 g6 4. b3 Bg7 5. Bb2 O-O 6. Be2 Nbd7 7. O-O e5 8. c4 e4 9. Nfd2 Re8 10. Nc3 Nf8 11. d5 h5 12. Qc2 N8h7 13. Rae1 h4 14. Ba1 Bf5 15. Nb5 h3 16. g3 Ng5 17. Nd4 Bg4 18. Qd1 Bxe2 19. Qxe2 Nd7 20. Qd1 a6 21. Qc2 Qe7 22. Kh1 f5 23. Bc3 Ne5 24. Rb1 Rac8 25. b4 c6 26. dxc6 Nxc6 27. Nxc6 Rxc6 28. Bxg7 Qxg7 29. g4 Qe5 30. gxf5 Qxf5 31. Rg1 Rf8 32. Rg3 d5 33. Rbg1 Nf7 34. f4 dxc4 35. Nf3 Qf6 36. Qxe4 Kg7 37. Nd4 1-0

[Event "Saint John op-2"]
[Site "Saint John CAN"]
[Date "1988.??.??"]
[Round "?"]
[White "Ross, Dave"]
[Black "Razuvaev, Yuri"]
[Result "0-1"]
[WhiteElo "2325"]
[BlackElo "2525"]
[PlyCount "71"]
[GameId "2160767912586864"]
[EventDate "1988.02.08"]
[EventType "swiss"]
[EventRounds "9"]
[EventCountry "CAN"]
[SourceTitle "CBM 006"]
[Source "ChessBase"]
[SourceDate "2004.01.01"]
[SourceVersion "1"]
[SourceVersionDate "2004.01.01"]
[SourceQuality "1"]

1. d4 Nf6 2. Nf3 g6 3. c4 Bg7 4. Nc3 d5 5. cxd5 Nxd5 6. g3 c5 7. Bg2 Nc6 8. O-O Nxc3 9. bxc3 Qa5 10. d5 Nb8 11. a4 Nd7 12. d6 e6 13. Rb1 Rb8 14. Ng5 O-O 15. Ne4 b6 16. Rb5 Qa6 17. h4 Bb7 18. Qb3 Rfc8 19. c4 Bc6 20. Rd1 Qb7 21. Qe3 e5 22. Bf3 f5 23. Nc3 e4 24. Bg2 Ne5 25. Qd2 Qf7 26. d7 Bxd7 27. Nd5 Bxb5 28. axb5 Nxc4 29. Qa2 Ne5 30. Ne7+ Kf8 31. Qxf7+ Nxf7 32. Nxc8 Rxc8 33. Bg5 Nxg5 34. hxg5 c4 35. Rc1 c3 36. Rc2 0-1

[Event "Saint John op-2"]
[Site "Saint John CAN"]
[Date "1988.??.??"]
[Round "?"]
[White "Ross, Paul"]
[Black "Frias Pablaza, Victor J"]
[Result "0-1"]
[WhiteElo "2235"]
[BlackElo "2485"]
[PlyCount "104"]
[GameId "2160767912586867"]
[EventDate "1988.02.08"]
[EventType "swiss"]
[EventRounds "9"]
[EventCountry "CAN"]
[SourceTitle "CBM 006"]
[Source "ChessBase"]
[SourceDate "2004.01.01"]
[SourceVersion "1"]
[SourceVersionDate "2004.01.01"]
[SourceQuality "1"]

1. d4 Nf6 2. Nf3 e6 3. Bg5 c5 4. e3 b6 5. Nbd2 cxd4 6. exd4 Bb7 7. Bd3 Be7 8. Qe2 d6 9. c3 Nbd7 10. h3 a6 11. O-O O-O 12. Rfe1 Re8 13. Qf1 Qc8 14. Bf4 Bc6 15. Nh2 b5 16. Nb3 Bd5 17. Ng4 Nxg4 18. hxg4 Bc4 19. Nd2 Bxd3 20. Qxd3 Nf6 21. Ne4 Nxe4 22. Qxe4 d5 23. Qd3 Qc4 24. Qxc4 bxc4 25. b3 cxb3 26. axb3 g5 27. Bg3 Rec8 28. Re3 a5 29. Kf1 Rc6 30. c4 dxc4 31. d5 Rcc8 32. dxe6 fxe6 33. bxc4 Rxc4 34. Rxe6 Kf7 35. Rb6 Rxg4 36. Bd6 Bf6 37. Ra3 Re4 38. Rb5 a4 39. Rb7+ Kg6 40. Rb6 Rc8 41. Re3 Rxe3 42. fxe3 Kf5 43. Ba3 Rc4 44. Bb2 Bxb2 45. Rxb2 Rc5 46. Ra2 Ra5 47. Ra3 h5 48. g3 Ke4 49. Ke2 Ra8 50. Kf2 Kd5 51. Kf3 Kc4 52. Ke4 Ra5 0-1

[Event "Saint John op-2"]
[Site "Saint John CAN"]
[Date "1988.??.??"]
[Round "?"]
[White "Ross, Paul"]
[Black "Kuczynski, Robert"]
[Result "0-1"]
[WhiteElo "2235"]
[BlackElo "2485"]
[PlyCount "66"]
[GameId "2160767912586869"]
[EventDate "1988.02.08"]
[EventType "swiss"]
[EventRounds "9"]
[EventCountry "CAN"]
[SourceTitle "CBM 06"]

1. d4 f5 2. Bg5 Nf6 3. e3 e6 4. Nd2 Be7 5. Bd3 b6 6. Qe2 Bb7 7. f3 c5 8. c3 Nc6 9. Nh3 Rc8 10. Nf4 O-O 11. O-O h6 12. Bxf6 Bxf6 13. Rad1 Re8 14. Bb1 Qe7 15. d5 Ne5 16. d6 Qf7 17. e4 g5 18. Nd3 f4 19. Nf2 Rc6 20. Nb3 Qf8 21. Nc1 Rxd6 22. Rxd6 Qxd6 23. Rd1 Qe7 24. Ncd3 Ba6 25. Qd2 Bb5 26. h3 Qg7 27. Ne1 Bc6 28. Qc2 h5 29. Ned3 Nxd3 30. Qxd3 Be5 31. Qa6 Bb8 32. a4 Qf6 33. Ba2 Kg7 0-1

[Event "Saint John op-2"]
[Site "Saint John CAN"]
[Date "1988.??.??"]
[Round "?"]
[White "Ross, Paul"]
[Black "Sherzer, Alex"]
[Result "1-0"]
[WhiteElo "2235"]
[BlackElo "2330"]
[PlyCount "71"]
[GameId "2160767912586870"]
[EventDate "1988.02.08"]
[EventType "swiss"]
[EventRounds "9"]
[EventCountry "CAN"]
[SourceTitle "CBM 06"]

1. d4 Nf6 2. c4 c5 3. d5 d6 4. Nc3 g6 5. e4 Bg7 6. Bd3 O-O 7. h3 a6 8. a4 e6 9. Nf3 exd5 10. exd5 Re8+ 11. Be3 Nh5 12. O-O f5 13. Bg5 Bf6 14. Bxf6 Qxf6 15. Re1 Rxe1+ 16. Qxe1 Nd7 17. Qe8+ Nf8 18. Re1 Ng7 19. Qe3 Bd7 20. Qd2 Re8 21. a5 Rxe1+ 22. Qxe1 g5 23. Qd2 h6 24. Ne2 Ng6 25. b4 Qa1+ 26. Kh2 g4 27. hxg4 fxg4 28. Bxg6 gxf3 29. Ng3 cxb4 30. Qxb4 Qd4 31. Qb6 Qxb6 32. axb6 fxg2 33. Ne4 Bf5 34. Nxd6 Bxg6 35. Nxb7 Bf5 36. Nd6 1-0

[Event "Saint John op-2"]
[Site "Saint John CAN"]
[Date "1988.??.??"]
[Round "?"]
[White "Russek Libni, Guil"]
[Black "Ardaman, Miles"]
[Result "1/2-1/2"]
[WhiteElo "2305"]
[BlackElo "2430"]
[PlyCount "139"]
[GameId "2160767912586871"]
[EventDate "1988.02.08"]
[EventType "swiss"]
[EventRounds "9"]
[EventCountry "CAN"]
[SourceTitle "CBM 006"]
[Source "ChessBase"]
[SourceDate "2004.01.01"]
[SourceVersion "1"]
[SourceVersionDate "2004.01.01"]
[SourceQuality "1"]

1. e4 d6 2. d4 Nf6 3. Nc3 g6 4. h3 Nbd7 5. Be3 c6 6. a4 b6 7. Nf3 Qc7 8. Qd2 Bg7 9. Be2 O-O 10. O-O a6 11. Rfe1 Bb7 12. Bf1 e5 13. dxe5 dxe5 14. Rad1 Rfe8 15. Bg5 b5 16. Qd6 Qc8 17. Nd2 Bf8 18. Qd3 Nc5 19. Qf3 Nfd7 20. h4 Qc7 21. g3 b4 22. Na2 Nxa4 23. Nc4 a5 24. h5 Nab6 25. Nc1 Nxc4 26. Bxc4 Nb6 27. Ba2 c5 28. Bd5 Bxd5 29. exd5 f5 30. g4 e4 31. Qg2 Qg7 32. hxg6 hxg6 33. d6 Nd7 34. gxf5 gxf5 35. Bf4 Kf7 36. Rd5 Ke6 37. Red1 Qxg2+ 38. Kxg2 a4 39. Ne2 Bg7 40. Bg3 Bh6 41. Bf4 Rg8+ 42. Kf1 Rg6 43. Bxh6 Rxh6 44. Nf4+ Kf6 45. Ke2 a3 46. bxa3 Rxa3 47. Ng2 Rf3 48. Ne3 Rh2 49. Rxf5+ Rxf5 50. Ng4+ Kg5 51. Nxh2 Kf4 52. Nf1 Ke5 53. Ne3 Rf3 54. Rd2 Ke6 55. Rd1 Nb6 56. Rh1 Rf4 57. Rh6+ Kd7 58. Rh7+ Kc6 59. Rh6 Nd7 60. Nc4 Rf3 61. Nd2 Rc3 62. Kd1 e3 63. fxe3 Rxe3 64. Rh4 Nb6 65. Nc4 Nxc4 66. Rxc4 Kxd6 67. Rh4 Kd5 68. Kc1 Re4 69. Rh8 Kc4 70. Kb2 1/2-1/2

[Event "Saint John op-2"]
[Site "Saint John CAN"]
[Date "1988.??.??"]
[Round "?"]
[White "Russek Libni, Guil"]
[Black "Lindsay, Fred"]
[Result "1/2-1/2"]
[WhiteElo "2305"]
[BlackElo "2250"]
[PlyCount "23"]
[GameId "2160767912586872"]
[EventDate "1988.02.08"]
[EventType "swiss"]
[EventRounds "9"]
[EventCountry "CAN"]
[SourceTitle "CBM 006"]
[Source "ChessBase"]
[SourceDate "2004.01.01"]
[SourceVersion "1"]
[SourceVersionDate "2004.01.01"]
[SourceQuality "1"]

1. e4 e6 2. d4 d5 3. Nc3 Bb4 4. Qd3 dxe4 5. Qxe4 Nf6 6. Qh4 c5 7. dxc5 Bxc5 8. Nf3 Nc6 9. a3 Nd4 10. Nxd4 Qxd4 11. Bb5+ Bd7 12. Bxd7+ 1/2-1/2

[Event "Saint John op-2"]
[Site "Saint John CAN"]
[Date "1988.??.??"]
[Round "?"]
[White "Russek Libni, Guil"]
[Black "Rodriguez, Daniel Mauricio"]
[Result "1/2-1/2"]
[WhiteElo "2305"]
[BlackElo "2465"]
[PlyCount "135"]
[GameId "2160767912586873"]
[EventDate "1988.02.08"]
[EventType "swiss"]
[EventRounds "9"]
[EventCountry "CAN"]
[SourceTitle "CBM 006"]
[Source "ChessBase"]
[SourceDate "2004.01.01"]
[SourceVersion "1"]
[SourceVersionDate "2004.01.01"]
[SourceQuality "1"]

1. e4 c5 2. c3 d5 3. exd5 Qxd5 4. d4 Nf6 5. Nf3 Bg4 6. Be2 Nc6 7. h3 Bf5 8. Na3 e6 9. Be3 cxd4 10. Nb5 Rc8 11. Nbxd4 a6 12. Nxc6 Qxc6 13. Nd4 Qd7 14. Nxf5 Qxd1+ 15. Rxd1 exf5 16. Bf3 Ne4 17. Rd5 Nd6 18. Bf4 Rd8 19. O-O f6 20. Rfd1 Nf7 21. Re1+ Be7 22. Rxf5 Rd7 23. Rd5 Nd8 24. Rxd7 Kxd7 25. Bg4+ Ke8 26. Bd6 Nc6 27. Bf3 Kd7 28. Bxe7 Nxe7 29. Bxb7 Rb8 30. Bxa6 Rxb2 31. a4 Nd5 32. c4 Nc3 33. Re3 Rc2 34. Bb5+ Kd6 35. Rd3+ Ke5 36. Rd7 g5 37. Re7+ Kd4 38. Rd7+ Ke5 39. a5 Ne2+ 40. Kh2 Nd4 41. Re7+ Kd6 42. Rxh7 Rxf2 43. a6 Ra2 44. Rd7+ Ke5 45. Re7+ Kf4 46. Kg1 Ra1+ 47. Kf2 Ra2+ 48. Ke1 Rxg2 49. a7 Ra2 50. Be8 Nf5 51. Rd7 Ke3 52. Bg6 Ng3 53. Bb1 Ra1 54. Rb7 Ne4 55. Kd1 Nc5 56. Re7+ Kd4 57. Kc2 Ra6 58. Kd2 Kxc4 59. Ke3 Ra3+ 60. Kf2 Kd5 61. Bf5 Kd6 62. Rf7 Ke5 63. Bg4 Ne4+ 64. Ke2 Nc3+ 65. Kf2 Nb5 66. Re7+ Kf4 67. Rf7 Ra2+ 68. Kf1 1/2-1/2

[Event "Saint John op-2"]
[Site "Saint John CAN"]
[Date "1988.??.??"]
[Round "?"]
[White "Russek Libni, Guil"]
[Black "Salman, Nachum"]
[Result "1-0"]
[WhiteElo "2305"]
[BlackElo "2215"]
[PlyCount "131"]
[GameId "2160767912586874"]
[EventDate "1988.02.08"]
[EventType "swiss"]
[EventRounds "9"]
[EventCountry "CAN"]
[SourceTitle "CBM 006"]
[Source "ChessBase"]
[SourceDate "2004.01.01"]
[SourceVersion "1"]
[SourceVersionDate "2004.01.01"]
[SourceQuality "1"]

1. e4 g6 2. d4 Bg7 3. Nc3 d6 4. Be3 c6 5. a4 Nf6 6. h3 O-O 7. Nf3 Qc7 8. a5 Nbd7 9. Be2 e5 10. dxe5 dxe5 11. Bc4 Nh5 12. O-O Nf4 13. Qd2 b5 14. axb6 Nxb6 15. Bb3 Be6 16. Rfd1 Rfd8 17. Qe1 Bxb3 18. cxb3 Ne6 19. Rxd8+ Rxd8 20. Na4 Nd4 21. Bxd4 exd4 22. Qa5 d3 23. Nc3 Qf4 24. Rd1 Bxc3 25. bxc3 Qxe4 26. Qxa7 Nd5 27. Qxf7+ Kxf7 28. Ng5+ Kf6 29. Nxe4+ Ke5 30. f3 Nf4 31. g3 Ne6 32. Kf2 Ng7 33. Nc5 d2 34. Ne4 Ne6 35. Ke3 g5 36. Nxg5 Nxg5 37. f4+ Kf5 38. fxg5 Kxg5 39. Rxd2 Rb8 40. b4 Re8+ 41. Kf3 Rf8+ 42. Kg2 Rf6 43. c4 Re6 44. b5 cxb5 45. cxb5 Rb6 46. Rd5+ Kf6 47. Rc5 Rb7 48. Kf3 Ke6 49. Ke4 Kd6 50. Rd5+ Kc7 51. Kd4 Kb6 52. Kc4 Rc7+ 53. Kb4 Rc1 54. Rd6+ Kc7 55. Rh6 Rb1+ 56. Kc4 Rc1+ 57. Kd3 Rd1+ 58. Ke4 Rd7 59. b6+ Kb7 60. g4 Rg7 61. Rf6 Rd7 62. h4 Ka6 63. h5 Kb5 64. g5 Kc5 65. g6 hxg6 66. hxg6 1-0

[Event "Saint John op-2"]
[Site "Saint John CAN"]
[Date "1988.??.??"]
[Round "?"]
[White "Salman, Nachum"]
[Black "Johnstone, Glenn"]
[Result "1-0"]
[WhiteElo "2215"]
[BlackElo "2350"]
[PlyCount "63"]
[GameId "2160767912586880"]
[EventDate "1988.02.08"]
[EventType "swiss"]
[EventRounds "9"]
[EventCountry "CAN"]
[SourceTitle "CBM 006"]
[Source "ChessBase"]
[SourceDate "2004.01.01"]
[SourceVersion "1"]
[SourceVersionDate "2004.01.01"]
[SourceQuality "1"]

1. d4 e6 2. Nf3 c5 3. e3 b6 4. Bd3 Bb7 5. O-O Nf6 6. Nbd2 d5 7. c3 Nbd7 8. Qe2 Be7 9. e4 O-O 10. e5 Ne8 11. Re1 g6 12. Nf1 c4 13. Bc2 h5 14. Bh6 Ng7 15. h3 Re8 16. Qd2 b5 17. g4 h4 18. N1h2 Nf8 19. Bg5 Bxg5 20. Nxg5 Qe7 21. f4 a5 22. Nhf3 b4 23. Nxh4 Bc6 24. Rf1 Bd7 25. f5 bxc3 26. bxc3 exf5 27. gxf5 f6 28. exf6 Qxf6 29. fxg6 Qd6 30. Rf3 Rab8 31. Nf7 Re2 32. Qxe2 1-0

[Event "Saint John op-2"]
[Site "Saint John CAN"]
[Date "1988.??.??"]
[Round "?"]
[White "Salman, Nachum"]
[Black "Pacey, Kevin"]
[Result "1/2-1/2"]
[WhiteElo "2215"]
[BlackElo "2240"]
[PlyCount "116"]
[GameId "2160767912586881"]
[EventDate "1988.02.08"]
[EventType "swiss"]
[EventRounds "9"]
[EventCountry "CAN"]
[SourceTitle "CBM 006"]
[Source "ChessBase"]
[SourceDate "2004.01.01"]
[SourceVersion "1"]
[SourceVersionDate "2004.01.01"]
[SourceQuality "1"]

1. d4 Nf6 2. Nf3 e6 3. Bg5 c5 4. e3 Qb6 5. Qc1 Nc6 6. Bxf6 gxf6 7. c3 d5 8. Nbd2 Bd7 9. Be2 Rc8 10. O-O f5 11. Nb3 cxd4 12. exd4 a5 13. Qe3 a4 14. Nc5 Bxc5 15. dxc5 Qc7 16. b4 f4 17. Qd3 Ne7 18. Qd4 Rg8 19. Bd3 Ng6 20. Rfe1 Kf8 21. Rad1 Re8 22. Bxg6 hxg6 23. Qf6 Rg7 24. Re5 Qd8 25. Qxf4 Kg8 26. Ree1 g5 27. Qd6 Bb5 28. Qxd8 Rxd8 29. Ne5 f6 30. c4 fxe5 31. cxb5 Kf7 32. Rxe5 Kf6 33. Re3 Rh7 34. Rde1 Re8 35. Rf3+ Ke7 36. Rfe3 Kf6 37. f3 Rh4 38. g4 e5 39. c6 Rh7 40. Rc1 d4 41. Ra3 Ra8 42. c7 Rhh8 43. b6 Rhc8 44. b5 Ra5 45. Rc6+ Ke7 46. Rg6 Rxb5 47. Rxg5 Rxb6 48. Rxe5+ Re6 49. Rc5 Rc6 50. Rd5 Rd6 51. Rxd6 Kxd6 52. Rxa4 Kd5 53. Kf2 Rxc7 54. Ke2 Rc2+ 55. Kd3 Rc3+ 56. Ke2 Rc2+ 57. Kd3 Rc3+ 58. Kd2 Rxf3 1/2-1/2

[Event "Saint John op-2"]
[Site "Saint John CAN"]
[Date "1988.??.??"]
[Round "?"]
[White "Salman, Nachum"]
[Black "Semkov, Semko"]
[Result "0-1"]
[WhiteElo "2215"]
[BlackElo "2470"]
[PlyCount "106"]
[GameId "2160767912586882"]
[EventDate "1988.02.08"]
[EventType "swiss"]
[EventRounds "9"]
[EventCountry "CAN"]
[SourceTitle "CBM 006"]
[Source "ChessBase"]
[SourceDate "2004.01.01"]
[SourceVersion "1"]
[SourceVersionDate "2004.01.01"]
[SourceQuality "1"]

1. d4 d5 2. Nf3 Nf6 3. Bf4 c6 4. c3 Bf5 5. Qb3 Qb6 6. Nbd2 Nbd7 7. e3 Nh5 8. Be5 f6 9. Bg3 Nxg3 10. hxg3 g5 11. Be2 e6 12. Ng1 g4 13. Bd1 e5 14. Bc2 Qxb3 15. Bxb3 a5 16. a4 Bd6 17. Ne2 Bc7 18. Rh4 O-O-O 19. Kd1 h6 20. Bc2 Be6 21. Nb3 Rdg8 22. Kd2 h5 23. Rah1 Rg5 24. Rb1 Re8 25. Nec1 Bf7 26. Nd3 b6 27. Nbc1 c5 28. Ne2 Bd6 29. Rhh1 Kc7 30. Rhc1 Rgg8 31. Ne1 Nb8 32. b4 Nc6 33. b5 Nd8 34. Nd3 Ne6 35. Ne1 Kb7 36. c4 exd4 37. cxd5 dxe3+ 38. fxe3 Ng5 39. Nf4 Ne4+ 40. Bxe4 Rxe4 41. Ra1 Rge8 42. Nc2 h4 43. Rh1 hxg3 44. Rh7 R8e7 45. Ne2 Bxd5 46. Rah1 Rxh7 47. Rxh7+ Re7 48. Rh4 f5 49. Ne1 c4 50. Nf4 c3+ 51. Kd1 Bb3+ 52. Nc2 Rd7 53. Kc1 Ba3+ 0-1

[Event "Saint John op-2"]
[Site "Saint John CAN"]
[Date "1988.??.??"]
[Round "?"]
[White "Salman, Nachum"]
[Black "Sherzer, Alex"]
[Result "1-0"]
[WhiteElo "2215"]
[BlackElo "2330"]
[PlyCount "89"]
[GameId "2160767912586883"]
[EventDate "1988.02.08"]
[EventType "swiss"]
[EventRounds "9"]
[EventCountry "CAN"]
[SourceTitle "CBM 006"]
[Source "ChessBase"]
[SourceDate "2004.01.01"]
[SourceVersion "1"]
[SourceVersionDate "2004.01.01"]
[SourceQuality "1"]

1. d4 Nf6 2. Nf3 c5 3. e3 e6 4. Bd3 b6 5. O-O Be7 6. Nbd2 Ba6 7. Bxa6 Nxa6 8. c3 O-O 9. Qe2 Qc8 10. e4 cxd4 11. Nxd4 d6 12. f3 Nb8 13. N2b3 Nc6 14. Nxc6 Qxc6 15. Nd4 Qb7 16. Bg5 h6 17. Bh4 Rfe8 18. Rfd1 a6 19. a4 Rac8 20. Kh1 Nd7 21. Bxe7 Rxe7 22. Nc2 Ne5 23. Rxd6 Nc4 24. Rd4 b5 25. axb5 Qxb5 26. b4 Ne5 27. Qd2 Kh7 28. Ne3 Rec7 29. Ra5 Qb8 30. Rxe5 Rxc3 31. Rc5 R8xc5 32. bxc5 Qb1+ 33. Nd1 Rxc5 34. h3 a5 35. Qd3 Qa1 36. Rd7 Kg8 37. e5 g6 38. f4 Rc1 39. Kh2 g5 40. Rd8+ Kg7 41. Qd6 gxf4 42. Qf8+ Kg6 43. Qg8+ Kf5 44. Qxf7+ Ke4 45. Nf2+ 1-0

[Event "Saint John op-2"]
[Site "Saint John CAN"]
[Date "1988.??.??"]
[Round "?"]
[White "Scholseth, Tor Kristian"]
[Black "Lalic, Bogdan"]
[Result "1/2-1/2"]
[WhiteElo "2265"]
[BlackElo "2495"]
[PlyCount "57"]
[GameId "2160767912586889"]
[EventDate "1988.02.08"]
[EventType "swiss"]
[EventRounds "9"]
[EventCountry "CAN"]
[SourceTitle "CBM 06"]

1. d4 Nf6 2. c4 g6 3. Nf3 Bg7 4. g3 O-O 5. Bg2 d5 6. cxd5 Nxd5 7. O-O Nb6 8. Nc3 Nc6 9. d5 Na5 10. Bf4 c6 11. dxc6 Nxc6 12. Qc1 e5 13. Bh6 Qe7 14. Bxg7 Kxg7 15. b3 f6 16. Qb2 Be6 17. Rfd1 a5 18. Ne1 Rfd8 19. Nc2 Bf7 20. Ne3 Nd4 21. Nc2 Nxc2 22. Qxc2 Rxd1+ 23. Rxd1 Rc8 24. Qd3 Rc7 25. Nd5 e4 26. Bxe4 Nxd5 27. Bxd5 Bxd5 28. Qxd5 Qxe2 29. Qd2 1/2-1/2

[Event "Saint John op-2"]
[Site "Saint John CAN"]
[Date "1988.??.??"]
[Round "?"]
[White "Scholseth, Tor Kristian"]
[Black "Razuvaev, Yuri"]
[Result "0-1"]
[WhiteElo "2265"]
[BlackElo "2525"]
[PlyCount "148"]
[GameId "2160767912586890"]
[EventDate "1988.02.08"]
[EventType "swiss"]
[EventRounds "9"]
[EventCountry "CAN"]
[SourceTitle "CBM 006"]
[Source "ChessBase"]
[SourceDate "2004.01.01"]
[SourceVersion "1"]
[SourceVersionDate "2004.01.01"]
[SourceQuality "1"]

1. d4 Nf6 2. c4 e6 3. g3 Bb4+ 4. Bd2 Be7 5. Qc2 O-O 6. Bg2 d5 7. Nf3 c6 8. O-O Nbd7 9. Bf4 Nh5 10. Bc1 f5 11. e3 Bd6 12. b3 Qe7 13. Bb2 b6 14. Nbd2 Bb7 15. Ne5 Nhf6 16. Ndf3 Rac8 17. Nxd7 Nxd7 18. Ne5 Nf6 19. Nd3 c5 20. dxc5 bxc5 21. Be5 Ne4 22. Rfd1 Rfd8 23. Bxd6 Rxd6 24. f3 dxc4 25. bxc4 Ng5 26. Ne5 Rcd8 27. h4 Nf7 28. Nxf7 Kxf7 29. Kf2 R8d7 30. Bf1 g6 31. Be2 e5 32. Rxd6 Rxd6 33. Rd1 f4 34. Rxd6 Qxd6 35. Qb2 fxe3+ 36. Kxe3 Qd4+ 37. Qxd4 cxd4+ 38. Kd3 Ke6 39. f4 Kd6 40. fxe5+ Kxe5 41. Bg4 Be4+ 42. Kd2 Kd6 43. a3 Bf5 44. Bd1 Kc5 45. Bb3 a5 46. Ke2 Bh3 47. Ba2 a4 48. Kd2 Bf5 49. Kc1 h6 50. Kd2 g5 51. hxg5 hxg5 52. Kd1 Bd3 53. Kd2 Bxc4 54. Bb1 Kd5 55. Bc2 Bb5 56. Bh7 Ke5 57. Bg6 Bd7 58. Bd3 Bc6 59. Bg6 Bb5 60. Bh7 Kd5 61. Bg8+ Ke4 62. Be6 Kf3 63. g4 Kf4 64. Bf5 Kf3 65. Be6 Ke4 66. Bc8 Ke5 67. Bf5 Bc4 68. Bd7 Be6 69. Bxa4 Bxg4 70. Bc6 Bc8 71. a4 g4 72. Ke2 Ba6+ 73. Kd2 g3 74. Bg2 Bc4 0-1

[Event "Saint John op-2"]
[Site "Saint John CAN"]
[Date "1988.??.??"]
[Round "?"]
[White "Schwartzman, Gabriel"]
[Black "Izrailov, Inna"]
[Result "1-0"]
[WhiteElo "2560"]
[BlackElo "2205"]
[PlyCount "63"]
[GameId "2160767912586892"]
[EventDate "1988.02.08"]
[EventType "swiss"]
[EventRounds "9"]
[EventCountry "CAN"]
[SourceTitle "CBM 06"]

1. Nf3 Nf6 2. b3 d6 3. Bb2 g6 4. d4 Bg7 5. g3 O-O 6. Bg2 Nbd7 7. O-O c5 8. d5 b5 9. c4 bxc4 10. bxc4 Rb8 11. Bc3 Nb6 12. Nbd2 Ba6 13. Rc1 Qd7 14. Ba1 Qa4 15. Qb3 Bh6 16. Rc2 Bc8 17. e4 Qa6 18. Qd3 Bd7 19. Re1 Rb7 20. Qe2 Qa4 21. Nb3 Bg7 22. e5 Nh5 23. Ng5 Bf5 24. Be4 Bxe4 25. Nxe4 Nc8 26. g4 Nf4 27. Qe3 Nxd5 28. cxd5 c4 29. Nc3 Qd7 30. e6 fxe6 31. dxe6 Qc6 32. Na5 1-0

[Event "Saint John op-2"]
[Site "Saint John CAN"]
[Date "1988.??.??"]
[Round "?"]
[White "Semkov, Semko"]
[Black "Lau, Ralf"]
[Result "1/2-1/2"]
[WhiteElo "2470"]
[BlackElo "2540"]
[PlyCount "57"]
[GameId "2160767912586902"]
[EventDate "1988.02.08"]
[EventType "swiss"]
[EventRounds "9"]
[EventCountry "CAN"]
[SourceTitle "CBM 06"]

1. d4 Nf6 2. c4 e6 3. Nc3 Bb4 4. e3 c5 5. Bd3 Nc6 6. Nge2 cxd4 7. exd4 d5 8. cxd5 exd5 9. O-O h6 10. Bc2 O-O 11. a3 Bd6 12. Qd3 Ne7 13. Ng3 Re8 14. Bd2 Bd7 15. Rae1 Kf8 16. h3 Qb6 17. Na4 Qb5 18. Nc5 Qxd3 19. Nxd7+ Nxd7 20. Bxd3 Nb8 21. Nf5 Nxf5 22. Rxe8+ Kxe8 23. Bxf5 Nc6 24. Re1+ Kf8 25. Bc3 Be7 26. Bb1 Bf6 27. Ba2 Rd8 28. Kf1 a6 29. Re2 1/2-1/2

[Event "Saint John op-2"]
[Site "Saint John CAN"]
[Date "1988.??.??"]
[Round "?"]
[White "Sherzer, Alex"]
[Black "Ball, Stephen"]
[Result "1-0"]
[WhiteElo "2330"]
[BlackElo "2230"]
[PlyCount "77"]
[GameId "2160767912586905"]
[EventDate "1988.02.08"]
[EventType "swiss"]
[EventRounds "9"]
[EventCountry "CAN"]
[SourceTitle "CBM 06"]

1. e4 c6 2. d4 d5 3. Nd2 dxe4 4. Nxe4 Nd7 5. Bc4 Ndf6 6. Ng5 e6 7. N1f3 Bd6 8. O-O h6 9. Nh3 Ne7 10. Ne5 Bxe5 11. dxe5 Qxd1 12. Rxd1 Nfd5 13. Bd3 c5 14. Bb5+ Nc6 15. Bxc6+ bxc6 16. c4 Nb6 17. b3 Nd7 18. f4 f6 19. Rd6 Ke7 20. Bb2 Bb7 21. Rad1 Rhd8 22. Nf2 a5 23. a4 Bc8 24. Ne4 fxe5 25. Bxe5 Rg8 26. Rxc6 g5 27. Nxc5 Nxc5 28. Rxc5 Ra7 29. fxg5 hxg5 30. Rc7+ Rxc7 31. Bxc7 Bd7 32. Bxa5 Rb8 33. Rd3 Bc6 34. Bd2 Kf6 35. a5 Kf5 36. b4 g4 37. b5 Be4 38. Rd7 Rc8 39. b6 1-0

[Event "Saint John op-2"]
[Site "Saint John CAN"]
[Date "1988.??.??"]
[Round "?"]
[White "Sherzer, Alex"]
[Black "Dizdar, Goran"]
[Result "0-1"]
[WhiteElo "2330"]
[BlackElo "2490"]
[PlyCount "106"]
[GameId "2160767912586906"]
[EventDate "1988.02.08"]
[EventType "swiss"]
[EventRounds "9"]
[EventCountry "CAN"]
[SourceTitle "CBM 06"]

1. e4 e6 2. d4 d5 3. Nd2 c5 4. Ngf3 Nf6 5. exd5 exd5 6. Bb5+ Bd7 7. Bxd7+ Nbxd7 8. O-O Be7 9. dxc5 Nxc5 10. Nb3 Nce4 11. Nfd4 Qd7 12. Qf3 O-O 13. Nf5 Bd8 14. Be3 Rc8 15. c3 Re8 16. Rad1 Re5 17. Ng3 Qa4 18. Nc1 Nxg3 19. Qxg3 Re6 20. Bd4 Bc7 21. Qg5 h6 22. Qf5 Rce8 23. g3 Be5 24. Bxe5 Rxe5 25. Qf3 Re4 26. a3 b6 27. Nd3 Qb3 28. Rd2 d4 29. Nc1 Qc4 30. Rxd4 Rxd4 31. cxd4 Qxd4 32. b4 Rc8 33. Qb7 Qd7 34. Qxd7 Nxd7 35. Rd1 Ne5 36. Nd3 Rd8 37. Nb2 Rxd1+ 38. Nxd1 Nf3+ 39. Kg2 Ne1+ 40. Kf1 Nc2 41. Ke2 Nxa3 42. Kd3 Kf8 43. Ne3 Ke7 44. Ke4 Ke6 45. Nf5 g6 46. Nxh6 Nc2 47. b5 Na3 48. g4 Nxb5 49. h4 a5 50. h5 Nd6+ 51. Kd3 gxh5 52. gxh5 f5 53. Ke3 Kf6 0-1

[Event "Saint John op-2"]
[Site "Saint John CAN"]
[Date "1988.??.??"]
[Round "?"]
[White "Sherzer, Alex"]
[Black "Finegold, Gina Lynne"]
[Result "1-0"]
[WhiteElo "2330"]
[BlackElo "2060"]
[PlyCount "67"]
[GameId "2160767912586907"]
[EventDate "1988.02.08"]
[EventType "swiss"]
[EventRounds "9"]
[EventCountry "CAN"]
[SourceTitle "CBM 006"]
[Source "ChessBase"]
[SourceDate "2004.01.01"]
[SourceVersion "1"]
[SourceVersionDate "2004.01.01"]
[SourceQuality "1"]

1. e4 c6 2. d4 d5 3. Nd2 dxe4 4. Nxe4 Nd7 5. Bc4 Ngf6 6. Ng5 e6 7. Qe2 Nb6 8. Bb3 a5 9. a3 a4 10. Ba2 h6 11. N5f3 c5 12. c3 cxd4 13. Nxd4 Bc5 14. Ngf3 O-O 15. Bf4 Nbd5 16. Be5 Ng4 17. Bg3 e5 18. Nxe5 Nxe5 19. Bxe5 Re8 20. O-O b6 21. Rfe1 Bb7 22. Qh5 Qg5 23. Qxg5 hxg5 24. Nf5 Nf4 25. Bd6 Rxe1+ 26. Rxe1 Nd3 27. Re7 Bxf2+ 28. Kh1 Bc6 29. Rxf7 Kh8 30. Bf8 Re8 31. Bxg7+ Kh7 32. Be5+ Kg6 33. Rf6+ Kh7 34. Rh6# 1-0